Residence and migration of first-time freshmen enrolled in degree-granting institutions, fall 1996 /

Bibliographic Details
Main Author: Barbett, Samuel
Corporate Author: National Center for Education Statistics
Format: Government Document Microform Book
Language:English
Published: Washington, DC (555 New Jersey Ave., NW, Washington 20208-5574) : U.S. Dept. of Education, Office of Educational Research and Improvement, National Center for Education Statistics, [1998]
Series:E.D. TABS.
Subjects:
Online Access:https://purl.fdlp.gov/GPO/LPS1813

MARC

Tag First Indicator Second Indicator Subfields
LEADER 00000cam a2200000 a 4500
001 in00000001094
007 he bmb024bbca
008 981015s1998 dcua bbs f000 0 eng d
005 20230309222458.2
035 |a (OCoLC)40113182 
035 |9 AHS7720AM 
035 |a in00000001094 
040 |a GPO  |c GPO  |d DLC  |d MvI  |d UtOrBLW 
043 |a n-us--- 
049 |a UDOC 
049 |a WWW 
074 |a 0455-G-09 (MF) 
074 |a 0455-G-09 (online) 
086 0 |a ED 1.328/3:R 31 
088 |a NCES 98-277 
100 1 |a Barbett, Samuel. 
245 1 0 |a Residence and migration of first-time freshmen enrolled in degree-granting institutions, fall 1996 /  |c Samuel Barbett. 
246 2 |a Residence and migration of first time freshmen enrolled in degree-granting institutions, fall 1996 
264 1 |a Washington, DC (555 New Jersey Ave., NW, Washington 20208-5574) :  |b U.S. Dept. of Education, Office of Educational Research and Improvement, National Center for Education Statistics,  |c [1998] 
300 |a xiv, 43 pages :  |b illustrations ;  |c 28 cm. 
336 |a text  |b txt  |2 rdacontent 
337 |a microform  |b h  |2 rdamedia 
338 |a microfiche  |b he  |2 rdacarrier 
490 1 |a E.D. TABS 
500 |a Shipping list number: 98-0932-M. 
500 |a "April 1998." 
504 |a Includes bibliographical references. 
500 |a "NCES 98-277." 
533 |a Microfiche.  |b [Washington, D.C.] :  |c Supt. of Docs., U.S. G.P.O.,  |d [1998]  |e 1 microfiche : negative. 
530 |a Also available via Internet from the NCES web site. 
500 |a Microform. 
650 0 |a College student mobility  |z United States  |x Statistics. 
650 0 |a Residence and education  |z United States  |x Statistics. 
650 0 |a College attendance  |z United States  |v Statistics. 
710 2 |a National Center for Education Statistics. 
830 0 |a E.D. TABS. 
856 4 1 |u https://purl.fdlp.gov/GPO/LPS1813  |t 0 
999 |a MARS 
999 f f |i 91415a88-7a69-3469-9223-72c45fc89126  |s a70e60a6-244c-38a4-a9ba-6e9143f00ec7  |t 0 
952 f f |p normal  |a Texas A&M University  |b College Station  |c Sterling C. Evans Library  |d Evans: US Documents Microfiche (3rd floor)  |t 0  |e ED 1.328/3:R 31  |h Superintendent of Documents classification  |i microform -- microfiche  |m A14824370157 
952 f f |p normal  |a Texas A&M University  |b College Station  |c Sterling C. Evans Library  |d Evans: US Documents Microfiche (3rd floor)  |t 0  |e ED 1.328/3:R 31  |h Superintendent of Documents classification  |i microform -- microfiche  |m A14838215636 
952 f f |a Texas A&M University  |b College Station  |c Electronic Resources  |d Available Online  |t 0  |e ED 1.328/3:R 31  |h Superintendent of Documents classification 
998 f f |a ED 1.328/3:R 31  |t 0  |l Evans: US Documents Microfiche (3rd floor) 
998 f f |a ED 1.328/3:R 31  |t 0  |l Evans: US Documents Microfiche (3rd floor) 
998 f f |a ED 1.328/3:R 31  |t 0  |l Available Online